| 000 | 00638nam a22001697a 4500 | ||
|---|---|---|---|
| 003 | OSt | ||
| 005 | 20171010095526.0 | ||
| 008 | 121003t xxu||||| |||| 00| 0 eng d | ||
| 040 |
_aMMSU _cULS |
||
| 100 |
_aDela Cruz, Rizaline B. _912999 |
||
| 245 |
_aAnalysis of the microbial load of the piggery farm in Aglipay, City of Batac, Ilocos Norte _cRizaline B. dela Cruz |
||
| 260 | _c2008 | ||
| 300 |
_axiv, 73 leaves _c28 cm. |
||
| 500 | _aThesis (BS Environmental Science) -- Mariano Marcos State University-College of Agriculture, Food and Sustainable Development, Batac City | ||
| 504 | _aBibliography: leaf 33 | ||
| 942 |
_2ddc _cTHEDIS |
||
| 999 |
_c9791 _d9791 |
||